000 00700cam a2200253 4500500
005 20260329004559.0
041 _afre
042 _adc
100 1 0 _aEnjalbert, Cédric
_eauthor
245 0 0 _aL’idiotie à la racine
260 _c2020.
500 _a94
690 _aClément Rosset
690 _aFrançois Gremaud
690 _aIdiot
690 _aIdiotie
690 _aJoie
690 _aRacine
690 _aRoland Barthes
690 _aRomain Daroles
690 _aThéâtre
786 0 _nPhilosophie magazine | 140 | 7 | 2020-07-01 | p. 64-64 | 1951-1787
856 4 1 _uhttps://shs.cairn.info/magazine-philosophie-magazine-2020-7-page-64?lang=fr&redirect-ssocas=7080
999 _c1835329
_d1835329